000 00759nam a2200205Ia 4500
005 20241216011337.0
008 190429s9999||||xx |||||||||||||| ||und||
082 _a610.7343
_bV46
100 _aVENTOCILLA ROJAS, ELIZABETH GUMERCINDA
245 0 _aINFLUENCIA DE LA LABOR EDUCATIVA DEL PROFESIONAL DE ENFERMERIA EN LA MODIFICACION DE CONOCIMIENTOS DE LOS PADRES DE FAMILIA DE NIÑOS DE 3 - 6 AÑOS CON PROBLEMAS DE NUTRICION Y DESARROLLO PSICOMOTOR PP. JJ. TUPAC AMARU 1989
250 _a0
260 _aCERRO DE PASCO-PERU
_bUNDAC
_c1990
300 _a60 pag.
_c30 cm.
341 _h0
490 _v0
_a0
505 _aMATERIALES-METODOS-RESULTADOS
541 _aD
_bVENTOCILLA ROJAS, ELIZAB
_d14-Jun-95
_oSoles
650 _aEnfermería
942 _cTESIS
999 _c39284
_d39284